Don Nicolás de Piérola: Una época de la Historia del Perú

Guardat en:
Dades bibliogràfiques
Autor principal: Ulloa, Alberto (Autor)
Format: Llibre
Idioma:espanyol
Publicat: Lima Imprenta Santa María 1949
Edició:1a. ed
Matèries:
Etiquetes: Afegir etiqueta
Sense etiquetes, Sigues el primer a etiquetar aquest registre!

MARC

LEADER 00000nam a2200000 a 4500
001 UCJ5881
003 CL-VaPUC
008 070124e19491231PE |||||||||||||||||spa|d
082 0 4 |a 923  |b PIE  |2 21 
100 0 |a Ulloa, Alberto  |e author  |9 511765 
245 1 0 |a Don Nicolás de Piérola: Una época de la Historia del Perú 
250 |a 1a. ed 
300 |a 441 p 
942 |c BK 
945 |d 20070124 00:00:00  |a rinostro 
260 |a Lima  |b Imprenta Santa María  |c 1949 
500 |a Fotografías de Piérola en distintas etapas de su vida 
600 0 |a Piérola, Nicolás de  |9 443802 
650 0 |a Historia  |9 255047 
650 7 |a BIOGRAFIA  |2 CL-VaPUC  |9 504622 
650 0 |a Ilustraciones  |9 369481 
650 0 |a Iconografía   |9 267998 
650 0 |a Historia  |9 255047 
650 7 |a PRESIDENTES DEL PERU  |2 CL-VaPUC  |9 509572 
650 0 |a Guerra del Pacífico  |9 314886 
650 0 |a Diplomacia  |9 256483 
650 7 |a HACIENDA  |2 CL-VaPUC  |9 342348 
650 0 |a Iconografía   |9 267998 
650 0 |a Ilustraciones  |9 369481 
651 0 |a Perú  |9 256567 
651 7 |a CHILE  |2 CL-VaPUC  |9 511766 
651 0 |a Bolivia  |9 255454 
583 |a last modification  |c 20070124 00:00:00  |k Rodrigo Vera 
999 |c 321989  |d 321987 
952 |0 0  |1 0  |4 0  |6 923_000000000000000_PIE_1949  |7 0  |8 X  |9 400891  |a FDOBUD  |b FDOBUD  |d 2019-11-22  |i 1040995  |o 923 PIE 1949  |p 1040995  |r 2019-11-22  |w 2019-11-22  |y BK_X  |k BUD